Real Housewives First Seasons Cast - Statistics

General Stats
  • This quiz has been taken 164 times
  • The average score is 41 of 60
Answer Stats
Hint Answer % Correct
Beverly Hills Kyle Richards
98%
Beverly Hills Kim Richards
97%
Atlanta Kim Zolciak
97%
Salt Lake City Lisa Barlow
97%
Beverly Hills Lisa Vanderpump
97%
Atlanta Lisa Wu
97%
New Jersey Teresa Giudice
90%
Orange County Vicki Gunvalson
89%
Beverly Hills Adrienne Maloof
88%
Beverly Hills Camille Grammer
88%
D.C. Mary Ammons
87%
Salt Lake City Mary Cosby
87%
Atlanta Nene Leakes
86%
Salt Lake City Heather Gay
85%
Beverly Hills Taylor Armstrong
85%
New York City Bethenny Frankel
84%
New York City Ramona Singer
84%
New York City Luann de Lesseps
83%
Salt Lake City Meredith Marks
83%
Dubai Caroline Brooks
80%
New Jersey Caroline Manzo
80%
Dubai Caroline Stanbury
80%
Salt Lake City Jen Shah
80%
New York City Alex McCord
79%
New York City Jill Zarin
79%
Salt Lake City Whitney Rose
79%
Atlanta Shereé Whitfield
77%
New Jersey Danielle Staub
74%
Potomac Gizelle Bryant
74%
Potomac Karen Huger
72%
Miami Larsa Pippen
71%
New Jersey Dina Manzo
70%
New Jersey Jacqueline Laurita
69%
Orange County Jo De La Rosa
67%
Potomac Robyn Dixon
66%
Potomac Ashley Darby
65%
Orange County Jeana Keough
63%
Miami Marysol Patton
63%
Atlanta DeShawn Snow
62%
Orange County Lauri Peterson
62%
Miami Alexia Nepola
59%
Dubai Chanel Ayan
59%
Miami Lea Black
57%
Miami Adriana de Moura
56%
Dallas Brandi Redmond
55%
Potomac Katie Rost
52%
Potomac Charrisse Jackson-Jordan
51%
Dallas LeeAnne Locken
50%
Dallas Stephanie Hollman
50%
Orange County Kimberly Bryant
47%
Dubai Lesa Milan
44%
Miami Cristy Rice
43%
Dallas Cary Deuber
40%
Dubai Sara Al Madani
40%
Dallas Tiffany Hendra
38%
Dubai Nina Ali
37%
D.C. Michaele Salahi
30%
D.C. Cat Ommanney
29%
D.C. Lynda Erkiletian
28%
D.C. Stacie Scott Turner
28%
No matching quizzes found
Score Distribution
Percent of People with Each Score
Percentile by Number Answered
Your Score History
You have not taken this quiz